中東の国々 - Statistics

General Stats
  • This quiz has been taken 507 times
    431 since last reset
  • The average score is 15 of 17
Answers on the Map
Answers color-coded by a green-red scale on the quiz's map according to % correct below.
 
Answer Stats
% Correct
イラン
98%
イラク
97%
サウジアラビア
97%
イスラエル
94%
アラブ首長国連邦
94%
トルコ
93%
シリア
92%
エジプト
90%
オマーン
90%
カタール
87%
イエメン
87%
ヨルダン
85%
バーレーン
83%
クウェート
82%
レバノン
80%
パレスチナ
70%
キプロス
67%
No matching quizzes found
Score Distribution
Percent of People with Each Score
Percentile by Number Answered
Your Score History
You have not taken this quiz since the last reset